Prawdziwe imiona postaci z Blok Ekipy - Statystyki

Ogólne statystyki
  • Ten quiz został rozwiązany 85 razy
  • Średni wynik to 6 z 9
Statystyki odpowiedzi
Pseudomin Prawdziwe imię % Poprawnych
Wojtas Wojciech
99%
Spejson Adrian
93%
Rudy Bastian
91%
Cieślak Paweł
91%
Walo Waldemar
87%
Solaris Jowita
84%
Ziółek Piotr
49%
Cjalis Bartłomiej
21%
Łysa Karina
19%
Nie znaleziono quizów pasujących do podanych kryteriów
Rozkład punktacji
Procent ludzi z każdym wynikiem
Percentyl według liczby udzielonych odpowiedzi
Twoja historia wyników
Nie rozwiązałeś tego quizu